Defunct and Relocated NHL Teams - Statistics

General Stats
  • This quiz has been taken 711 times
    158 since last reset
  • The average score is 9 of 12
Answer Stats
Years Active What they became Answer % Correct
1996-2024 Utah HC Arizona Coyotes
92%
1979-1997 Carolina Hurricanes Hartford Whalers
92%
1967-1993 Dallas Stars Minnesota North Stars
92%
1979-1995 Colorado Avalanche Quebec Nordiques
89%
1999-2011 Winnipeg Jets Atlanta Thrashers
86%
1972-1980 Calgary Flames Atlanta Flames
84%
1979-1996 Arizona Coyotes Winnipeg Jets
78%
1976-1982 New Jersey Devils Colorado Rockies
59%
1967-1976 Now defunct team California Golden Seals
58%
1976-1978 Folded Cleveland Barons
47%
1974-1976 Now defunct team Kansas City Scouts
47%
1925-1942 Folded Brooklyn Americans
34%
No matching quizzes found
Score Distribution
Percent of People with Each Score
Percentile by Number Answered
Your Score History
You have not taken this quiz since the last reset